000
00217nam a22001097a 4500
082
_a
923.2 FOO'F
100
_a
FOOT
_9
57765
245
_a
FOOT PRINT
260
_a
LAHORE
_b
MARRIY
_c
1967
300
_a
181P
942
_c
BK
999
_c
568024
_d
568024